<?xml version="1.0" encoding="UTF-8"?>
<record
    xmlns:xsi="http://www.w3.org/2001/XMLSchema-instance"
    xsi:schemaLocation="http://www.loc.gov/MARC21/slim http://www.loc.gov/standards/marcxml/schema/MARC21slim.xsd"
    xmlns="http://www.loc.gov/MARC21/slim">

  <leader>01623nas a2200241 454500</leader>
  <controlfield tag="001">4856</controlfield>
  <controlfield tag="005">20260407193504.0</controlfield>
  <controlfield tag="008">260407s1982####ag###########|||spa#d</controlfield>
  <controlfield tag="003">AR-UNSa-BCEJYS</controlfield>
  <datafield tag="040" ind1=" " ind2=" ">
    <subfield code="a">AR-UNSa-BCEJYS</subfield>
    <subfield code="b">spa</subfield>
    <subfield code="c">AR-UNSa-BCEJYS</subfield>
  </datafield>
  <datafield tag="080" ind1=" " ind2=" ">
    <subfield code="a">008</subfield>
    <subfield code="x">Civilizaci&#xF3;n. Cultura. Progreso</subfield>
  </datafield>
  <datafield tag="245" ind1="1" ind2="0">
    <subfield code="a">El Correo de la Unesco</subfield>
    <subfield code="p">una ventana abierta al mundo</subfield>
  </datafield>
  <datafield tag="022" ind1=" " ind2=" ">
    <subfield code="a">0304-310 X</subfield>
  </datafield>
  <datafield tag="264" ind1=" " ind2="1">
    <subfield code="a">Paris :</subfield>
    <subfield code="b">Organizaci&#xF3;n de las Naciones Unidas para la Educaci&#xF3;n, la Ciencia y la Cultura (UNESCO)</subfield>
    <subfield code="c">1982</subfield>
  </datafield>
  <datafield tag="310" ind1=" " ind2=" ">
    <subfield code="a">Periodicidad: Mensual
Cambia de t&#xED;tulo a partir del a&#xF1;o 2002 por El nuevo Correo</subfield>
  </datafield>
  <datafield tag="520" ind1=" " ind2=" ">
    <subfield code="a">Con el correr del tiempo, el contenido y la forma del Correo han evolucionado mucho. Sin embargo, la revista ha permanecido fiel a su vocaci&#xF3;n de siempre: propagar los ideales de la UNESCO, servir de plataforma el di&#xE1;logo entre las culturas y servir de tribuna para debates internacionales.
Disponible en l&#xED;nea desde marzo de 2006, El Correo se adapta a las necesidades de sus lectores diseminados por el mundo entero: su publicaci&#xF3;n electr&#xF3;nica en formato PDF, en las seis lenguas oficiales de la Organizaci&#xF3;n (&#xE1;rabe, chino, espa&#xF1;ol, franc&#xE9;s, ingl&#xE9;s y ruso), va acompa&#xF1;ada de una edici&#xF3;n impresa con un n&#xFA;mero de ejemplares reducido. </subfield>
  </datafield>
  <datafield tag="942" ind1=" " ind2=" ">
    <subfield code="c">SER</subfield>
  </datafield>
  <datafield tag="590" ind1=" " ind2=" ">
    <subfield code="a">niveau_biblio:s niveau_hierar:1</subfield>
  </datafield>
  <datafield tag="100" ind1="1" ind2=" ">
    <subfield code="a">Organizaci&#xF3;n de las Naciones Unidas para la Educaci&#xF3;n, la Ciencia y la Cultura (UNESCO)</subfield>
  </datafield>
  <datafield tag="650" ind1=" " ind2=" ">
    <subfield code="a">Cultura</subfield>
  </datafield>
  <datafield tag="650" ind1=" " ind2=" ">
    <subfield code="a">Educaci&#xF3;n</subfield>
  </datafield>
  <datafield tag="856" ind1="4" ind2="1">
    <subfield code="u">https://biblioeco.unsa.edu.ar/pmb/images/revistas/Di?logo entre las Civilicaciones.jpg</subfield>
    <subfield code="y">Imagen de portada</subfield>
    <subfield code="q">image/jpeg</subfield>
  </datafield>
  <datafield tag="999" ind1=" " ind2=" ">
    <subfield code="c">8411</subfield>
    <subfield code="d">8411</subfield>
  </datafield>
  <datafield tag="952" ind1=" " ind2=" ">
    <subfield code="0">0</subfield>
    <subfield code="1">0</subfield>
    <subfield code="4">0</subfield>
    <subfield code="7">0</subfield>
    <subfield code="a">BCEJYS</subfield>
    <subfield code="b">BCEJYS</subfield>
    <subfield code="c">17</subfield>
    <subfield code="d">2004-01-01</subfield>
    <subfield code="h">N&#xBA; 4 - ene. 2004</subfield>
    <subfield code="l">0</subfield>
    <subfield code="o">H008 COR 4</subfield>
    <subfield code="p">R04112</subfield>
    <subfield code="r">2026-04-10 16:06:49</subfield>
    <subfield code="w">2026-04-10</subfield>
    <subfield code="y">RN</subfield>
  </datafield>
  <datafield tag="952" ind1=" " ind2=" ">
    <subfield code="0">0</subfield>
    <subfield code="1">0</subfield>
    <subfield code="4">0</subfield>
    <subfield code="7">0</subfield>
    <subfield code="a">BCEJYS</subfield>
    <subfield code="b">BCEJYS</subfield>
    <subfield code="c">17</subfield>
    <subfield code="d">2003-10-01</subfield>
    <subfield code="h">N&#xBA; 3 - oct. 2003</subfield>
    <subfield code="l">0</subfield>
    <subfield code="o">H008 COR 3</subfield>
    <subfield code="p">R04111</subfield>
    <subfield code="r">2026-04-10 16:06:49</subfield>
    <subfield code="w">2026-04-10</subfield>
    <subfield code="y">RN</subfield>
  </datafield>
  <datafield tag="952" ind1=" " ind2=" ">
    <subfield code="0">0</subfield>
    <subfield code="1">0</subfield>
    <subfield code="4">0</subfield>
    <subfield code="7">0</subfield>
    <subfield code="a">BCEJYS</subfield>
    <subfield code="b">BCEJYS</subfield>
    <subfield code="c">17</subfield>
    <subfield code="d">2003-05-01</subfield>
    <subfield code="h">N&#xBA; 2 - may. 2003</subfield>
    <subfield code="l">0</subfield>
    <subfield code="o">H008 COR 2</subfield>
    <subfield code="p">R04110</subfield>
    <subfield code="r">2026-04-10 16:06:49</subfield>
    <subfield code="w">2026-04-10</subfield>
    <subfield code="y">RN</subfield>
  </datafield>
  <datafield tag="952" ind1=" " ind2=" ">
    <subfield code="0">0</subfield>
    <subfield code="1">0</subfield>
    <subfield code="4">0</subfield>
    <subfield code="7">0</subfield>
    <subfield code="a">BCEJYS</subfield>
    <subfield code="b">BCEJYS</subfield>
    <subfield code="c">17</subfield>
    <subfield code="d">1991-12-01</subfield>
    <subfield code="h">A&#xF1;o 44, N&#xBA; 12 - dic. 1991</subfield>
    <subfield code="l">0</subfield>
    <subfield code="o">H008 COR a44.n12</subfield>
    <subfield code="p">R04109</subfield>
    <subfield code="r">2026-04-10 16:06:49</subfield>
    <subfield code="w">2026-04-10</subfield>
    <subfield code="y">RN</subfield>
  </datafield>
  <datafield tag="952" ind1=" " ind2=" ">
    <subfield code="0">0</subfield>
    <subfield code="1">0</subfield>
    <subfield code="4">0</subfield>
    <subfield code="7">0</subfield>
    <subfield code="a">BCEJYS</subfield>
    <subfield code="b">BCEJYS</subfield>
    <subfield code="c">17</subfield>
    <subfield code="d">1991-11-01</subfield>
    <subfield code="h">A&#xF1;o 44, N&#xBA; 11 - nov. 1991</subfield>
    <subfield code="l">0</subfield>
    <subfield code="o">H008 COR a44.n11</subfield>
    <subfield code="p">R04108</subfield>
    <subfield code="r">2026-04-10 16:06:49</subfield>
    <subfield code="w">2026-04-10</subfield>
    <subfield code="y">RN</subfield>
  </datafield>
  <datafield tag="952" ind1=" " ind2=" ">
    <subfield code="0">0</subfield>
    <subfield code="1">0</subfield>
    <subfield code="4">0</subfield>
    <subfield code="7">0</subfield>
    <subfield code="a">BCEJYS</subfield>
    <subfield code="b">BCEJYS</subfield>
    <subfield code="c">17</subfield>
    <subfield code="d">1991-10-01</subfield>
    <subfield code="h">A&#xF1;o 44, N&#xBA; 10 - oct. 1991</subfield>
    <subfield code="l">0</subfield>
    <subfield code="o">H008 COR a44.n10</subfield>
    <subfield code="p">R04107</subfield>
    <subfield code="r">2026-04-10 16:06:49</subfield>
    <subfield code="w">2026-04-10</subfield>
    <subfield code="y">RN</subfield>
  </datafield>
  <datafield tag="952" ind1=" " ind2=" ">
    <subfield code="0">0</subfield>
    <subfield code="1">0</subfield>
    <subfield code="4">0</subfield>
    <subfield code="7">0</subfield>
    <subfield code="a">BCEJYS</subfield>
    <subfield code="b">BCEJYS</subfield>
    <subfield code="c">17</subfield>
    <subfield code="d">1991-07-01</subfield>
    <subfield code="h">A&#xF1;o 44, N&#xBA; 7 - jul. 1991</subfield>
    <subfield code="l">0</subfield>
    <subfield code="o">H008 COR a44.n7</subfield>
    <subfield code="p">R04106</subfield>
    <subfield code="r">2026-04-10 16:06:49</subfield>
    <subfield code="w">2026-04-10</subfield>
    <subfield code="y">RN</subfield>
  </datafield>
  <datafield tag="952" ind1=" " ind2=" ">
    <subfield code="0">0</subfield>
    <subfield code="1">0</subfield>
    <subfield code="4">0</subfield>
    <subfield code="7">0</subfield>
    <subfield code="a">BCEJYS</subfield>
    <subfield code="b">BCEJYS</subfield>
    <subfield code="c">17</subfield>
    <subfield code="d">1991-06-01</subfield>
    <subfield code="h">A&#xF1;o 44, N&#xBA; 6 - jun. 1991</subfield>
    <subfield code="l">0</subfield>
    <subfield code="o">H008 COR a44.n6</subfield>
    <subfield code="p">R04105</subfield>
    <subfield code="r">2026-04-10 16:06:49</subfield>
    <subfield code="w">2026-04-10</subfield>
    <subfield code="y">RN</subfield>
  </datafield>
  <datafield tag="952" ind1=" " ind2=" ">
    <subfield code="0">0</subfield>
    <subfield code="1">0</subfield>
    <subfield code="4">0</subfield>
    <subfield code="7">0</subfield>
    <subfield code="a">BCEJYS</subfield>
    <subfield code="b">BCEJYS</subfield>
    <subfield code="c">17</subfield>
    <subfield code="d">1991-05-01</subfield>
    <subfield code="h">A&#xF1;o 44, N&#xBA; 5 - may. 1991</subfield>
    <subfield code="l">0</subfield>
    <subfield code="o">H008 COR a44.n5</subfield>
    <subfield code="p">R04104</subfield>
    <subfield code="r">2026-04-10 16:06:49</subfield>
    <subfield code="w">2026-04-10</subfield>
    <subfield code="y">RN</subfield>
  </datafield>
  <datafield tag="952" ind1=" " ind2=" ">
    <subfield code="0">0</subfield>
    <subfield code="1">0</subfield>
    <subfield code="4">0</subfield>
    <subfield code="7">0</subfield>
    <subfield code="a">BCEJYS</subfield>
    <subfield code="b">BCEJYS</subfield>
    <subfield code="c">17</subfield>
    <subfield code="d">1991-04-01</subfield>
    <subfield code="h">A&#xF1;o 44, N&#xBA; 4 - abr. 1991</subfield>
    <subfield code="l">0</subfield>
    <subfield code="o">H008 COR a44.n4</subfield>
    <subfield code="p">R04103</subfield>
    <subfield code="r">2026-04-10 16:06:49</subfield>
    <subfield code="w">2026-04-10</subfield>
    <subfield code="y">RN</subfield>
  </datafield>
  <datafield tag="952" ind1=" " ind2=" ">
    <subfield code="0">0</subfield>
    <subfield code="1">0</subfield>
    <subfield code="4">0</subfield>
    <subfield code="7">0</subfield>
    <subfield code="a">BCEJYS</subfield>
    <subfield code="b">BCEJYS</subfield>
    <subfield code="c">17</subfield>
    <subfield code="d">1991-03-01</subfield>
    <subfield code="h">A&#xF1;o 44, N&#xBA; 3 - mar. 1991</subfield>
    <subfield code="l">0</subfield>
    <subfield code="o">H008 COR a44.n3</subfield>
    <subfield code="p">R04102</subfield>
    <subfield code="r">2026-04-10 16:06:49</subfield>
    <subfield code="w">2026-04-10</subfield>
    <subfield code="y">RN</subfield>
  </datafield>
  <datafield tag="952" ind1=" " ind2=" ">
    <subfield code="0">0</subfield>
    <subfield code="1">0</subfield>
    <subfield code="4">0</subfield>
    <subfield code="7">0</subfield>
    <subfield code="a">BCEJYS</subfield>
    <subfield code="b">BCEJYS</subfield>
    <subfield code="c">17</subfield>
    <subfield code="d">1991-02-02</subfield>
    <subfield code="h">A&#xF1;o 44, N&#xBA; 2 - feb. 1991</subfield>
    <subfield code="l">0</subfield>
    <subfield code="o">H008 COR a44.n2</subfield>
    <subfield code="p">R04101</subfield>
    <subfield code="r">2026-04-10 16:06:49</subfield>
    <subfield code="w">2026-04-10</subfield>
    <subfield code="y">RN</subfield>
  </datafield>
  <datafield tag="952" ind1=" " ind2=" ">
    <subfield code="0">0</subfield>
    <subfield code="1">0</subfield>
    <subfield code="4">0</subfield>
    <subfield code="7">0</subfield>
    <subfield code="a">BCEJYS</subfield>
    <subfield code="b">BCEJYS</subfield>
    <subfield code="c">17</subfield>
    <subfield code="d">1991-01-01</subfield>
    <subfield code="h">A&#xF1;o 44, N&#xBA; 1 - ene. 1991</subfield>
    <subfield code="l">0</subfield>
    <subfield code="o">H008 COR a44.n1</subfield>
    <subfield code="p">R04100</subfield>
    <subfield code="r">2026-04-10 16:06:49</subfield>
    <subfield code="w">2026-04-10</subfield>
    <subfield code="y">RN</subfield>
  </datafield>
  <datafield tag="952" ind1=" " ind2=" ">
    <subfield code="0">0</subfield>
    <subfield code="1">0</subfield>
    <subfield code="4">0</subfield>
    <subfield code="7">0</subfield>
    <subfield code="a">BCEJYS</subfield>
    <subfield code="b">BCEJYS</subfield>
    <subfield code="c">17</subfield>
    <subfield code="d">1990-12-01</subfield>
    <subfield code="h">A&#xF1;o 43, N&#xBA; 12 - dic. 1990</subfield>
    <subfield code="l">0</subfield>
    <subfield code="o">H008 COR a43.n12</subfield>
    <subfield code="p">R04099</subfield>
    <subfield code="r">2026-04-10 16:06:49</subfield>
    <subfield code="w">2026-04-10</subfield>
    <subfield code="y">RN</subfield>
  </datafield>
  <datafield tag="952" ind1=" " ind2=" ">
    <subfield code="0">0</subfield>
    <subfield code="1">0</subfield>
    <subfield code="4">0</subfield>
    <subfield code="7">0</subfield>
    <subfield code="a">BCEJYS</subfield>
    <subfield code="b">BCEJYS</subfield>
    <subfield code="c">17</subfield>
    <subfield code="d">1990-11-01</subfield>
    <subfield code="h">A&#xF1;o 43, N&#xBA; 11 - nov. 1990</subfield>
    <subfield code="l">0</subfield>
    <subfield code="o">H008 COR a43.n11</subfield>
    <subfield code="p">R04098</subfield>
    <subfield code="r">2026-04-10 16:06:49</subfield>
    <subfield code="w">2026-04-10</subfield>
    <subfield code="y">RN</subfield>
  </datafield>
  <datafield tag="952" ind1=" " ind2=" ">
    <subfield code="0">0</subfield>
    <subfield code="1">0</subfield>
    <subfield code="4">0</subfield>
    <subfield code="7">0</subfield>
    <subfield code="a">BCEJYS</subfield>
    <subfield code="b">BCEJYS</subfield>
    <subfield code="c">17</subfield>
    <subfield code="d">1990-09-01</subfield>
    <subfield code="h">A&#xF1;o 43, N&#xBA; 9 - sep. 1990</subfield>
    <subfield code="l">0</subfield>
    <subfield code="o">H008 COR a43.n9</subfield>
    <subfield code="p">R04097</subfield>
    <subfield code="r">2026-04-10 16:06:49</subfield>
    <subfield code="w">2026-04-10</subfield>
    <subfield code="y">RN</subfield>
  </datafield>
  <datafield tag="952" ind1=" " ind2=" ">
    <subfield code="0">0</subfield>
    <subfield code="1">0</subfield>
    <subfield code="4">0</subfield>
    <subfield code="7">0</subfield>
    <subfield code="a">BCEJYS</subfield>
    <subfield code="b">BCEJYS</subfield>
    <subfield code="c">17</subfield>
    <subfield code="d">1990-08-01</subfield>
    <subfield code="h">A&#xF1;o 43, N&#xBA; 8 - ago. 1990</subfield>
    <subfield code="l">0</subfield>
    <subfield code="o">H008 COR a43.n8</subfield>
    <subfield code="p">R04096</subfield>
    <subfield code="r">2026-04-10 16:06:49</subfield>
    <subfield code="w">2026-04-10</subfield>
    <subfield code="y">RN</subfield>
  </datafield>
  <datafield tag="952" ind1=" " ind2=" ">
    <subfield code="0">0</subfield>
    <subfield code="1">0</subfield>
    <subfield code="4">0</subfield>
    <subfield code="7">0</subfield>
    <subfield code="a">BCEJYS</subfield>
    <subfield code="b">BCEJYS</subfield>
    <subfield code="c">17</subfield>
    <subfield code="d">1990-07-01</subfield>
    <subfield code="h">A&#xF1;o 43, N&#xBA; 7 - jul. 1990</subfield>
    <subfield code="l">0</subfield>
    <subfield code="o">H008 COR a43.n7</subfield>
    <subfield code="p">R04095</subfield>
    <subfield code="r">2026-04-10 16:06:49</subfield>
    <subfield code="w">2026-04-10</subfield>
    <subfield code="y">RN</subfield>
  </datafield>
  <datafield tag="952" ind1=" " ind2=" ">
    <subfield code="0">0</subfield>
    <subfield code="1">0</subfield>
    <subfield code="4">0</subfield>
    <subfield code="7">0</subfield>
    <subfield code="a">BCEJYS</subfield>
    <subfield code="b">BCEJYS</subfield>
    <subfield code="c">17</subfield>
    <subfield code="d">1990-05-01</subfield>
    <subfield code="h">A&#xF1;o 43, N&#xBA; 5 - may. 1990</subfield>
    <subfield code="l">0</subfield>
    <subfield code="o">H008 COR a43.n5</subfield>
    <subfield code="p">R04094</subfield>
    <subfield code="r">2026-04-10 16:06:49</subfield>
    <subfield code="w">2026-04-10</subfield>
    <subfield code="y">RN</subfield>
  </datafield>
  <datafield tag="952" ind1=" " ind2=" ">
    <subfield code="0">0</subfield>
    <subfield code="1">0</subfield>
    <subfield code="4">0</subfield>
    <subfield code="7">0</subfield>
    <subfield code="a">BCEJYS</subfield>
    <subfield code="b">BCEJYS</subfield>
    <subfield code="c">17</subfield>
    <subfield code="d">1990-04-01</subfield>
    <subfield code="h">A&#xF1;o 43, N&#xBA; 4 - abr. 1990</subfield>
    <subfield code="l">0</subfield>
    <subfield code="o">H008 COR a43.n4</subfield>
    <subfield code="p">R04093</subfield>
    <subfield code="r">2026-04-10 16:06:49</subfield>
    <subfield code="w">2026-04-10</subfield>
    <subfield code="y">RN</subfield>
  </datafield>
  <datafield tag="952" ind1=" " ind2=" ">
    <subfield code="0">0</subfield>
    <subfield code="1">0</subfield>
    <subfield code="4">0</subfield>
    <subfield code="7">0</subfield>
    <subfield code="a">BCEJYS</subfield>
    <subfield code="b">BCEJYS</subfield>
    <subfield code="c">17</subfield>
    <subfield code="d">1990-03-01</subfield>
    <subfield code="h">A&#xF1;o 43, N&#xBA; 3 - mar. 1990</subfield>
    <subfield code="l">0</subfield>
    <subfield code="o">H008 COR a43.n3</subfield>
    <subfield code="p">R04092</subfield>
    <subfield code="r">2026-04-10 16:06:49</subfield>
    <subfield code="w">2026-04-10</subfield>
    <subfield code="y">RN</subfield>
  </datafield>
  <datafield tag="952" ind1=" " ind2=" ">
    <subfield code="0">0</subfield>
    <subfield code="1">0</subfield>
    <subfield code="4">0</subfield>
    <subfield code="7">0</subfield>
    <subfield code="a">BCEJYS</subfield>
    <subfield code="b">BCEJYS</subfield>
    <subfield code="c">17</subfield>
    <subfield code="d">1990-02-01</subfield>
    <subfield code="h">A&#xF1;o 43, N&#xBA; 2 - feb. 1990</subfield>
    <subfield code="l">0</subfield>
    <subfield code="o">H008 COR a43.n2</subfield>
    <subfield code="p">R04091</subfield>
    <subfield code="r">2026-04-10 16:06:49</subfield>
    <subfield code="w">2026-04-10</subfield>
    <subfield code="y">RN</subfield>
  </datafield>
  <datafield tag="952" ind1=" " ind2=" ">
    <subfield code="0">0</subfield>
    <subfield code="1">0</subfield>
    <subfield code="4">0</subfield>
    <subfield code="7">0</subfield>
    <subfield code="a">BCEJYS</subfield>
    <subfield code="b">BCEJYS</subfield>
    <subfield code="c">17</subfield>
    <subfield code="d">1989-12-01</subfield>
    <subfield code="h">A&#xF1;o 42, N&#xBA; 12 - dic. 1989</subfield>
    <subfield code="l">0</subfield>
    <subfield code="o">H008 COR a42.n12</subfield>
    <subfield code="p">R04090</subfield>
    <subfield code="r">2026-04-10 16:06:49</subfield>
    <subfield code="w">2026-04-10</subfield>
    <subfield code="y">RN</subfield>
  </datafield>
  <datafield tag="952" ind1=" " ind2=" ">
    <subfield code="0">0</subfield>
    <subfield code="1">0</subfield>
    <subfield code="4">0</subfield>
    <subfield code="7">0</subfield>
    <subfield code="a">BCEJYS</subfield>
    <subfield code="b">BCEJYS</subfield>
    <subfield code="c">17</subfield>
    <subfield code="d">1989-11-01</subfield>
    <subfield code="h">A&#xF1;o 42, N&#xBA; 11 - nov. 1989</subfield>
    <subfield code="l">0</subfield>
    <subfield code="o">H008 COR a42.n11</subfield>
    <subfield code="p">R04089</subfield>
    <subfield code="r">2026-04-10 16:06:49</subfield>
    <subfield code="w">2026-04-10</subfield>
    <subfield code="y">RN</subfield>
  </datafield>
  <datafield tag="952" ind1=" " ind2=" ">
    <subfield code="0">0</subfield>
    <subfield code="1">0</subfield>
    <subfield code="4">0</subfield>
    <subfield code="7">0</subfield>
    <subfield code="a">BCEJYS</subfield>
    <subfield code="b">BCEJYS</subfield>
    <subfield code="c">17</subfield>
    <subfield code="d">1989-10-01</subfield>
    <subfield code="h">A&#xF1;o 42, N&#xBA; 10 - oct. 1989</subfield>
    <subfield code="l">0</subfield>
    <subfield code="o">H008 COR a42.n10</subfield>
    <subfield code="p">R04088</subfield>
    <subfield code="r">2026-04-10 16:06:49</subfield>
    <subfield code="w">2026-04-10</subfield>
    <subfield code="y">RN</subfield>
  </datafield>
  <datafield tag="952" ind1=" " ind2=" ">
    <subfield code="0">0</subfield>
    <subfield code="1">0</subfield>
    <subfield code="4">0</subfield>
    <subfield code="7">0</subfield>
    <subfield code="a">BCEJYS</subfield>
    <subfield code="b">BCEJYS</subfield>
    <subfield code="c">17</subfield>
    <subfield code="d">1989-09-01</subfield>
    <subfield code="h">A&#xF1;o 42, N&#xBA; 9 - sep. 1989</subfield>
    <subfield code="l">0</subfield>
    <subfield code="o">H008 COR a42.n9</subfield>
    <subfield code="p">R04087</subfield>
    <subfield code="r">2026-04-10 16:06:49</subfield>
    <subfield code="w">2026-04-10</subfield>
    <subfield code="y">RN</subfield>
  </datafield>
  <datafield tag="952" ind1=" " ind2=" ">
    <subfield code="0">0</subfield>
    <subfield code="1">0</subfield>
    <subfield code="4">0</subfield>
    <subfield code="7">0</subfield>
    <subfield code="a">BCEJYS</subfield>
    <subfield code="b">BCEJYS</subfield>
    <subfield code="c">17</subfield>
    <subfield code="d">1989-08-01</subfield>
    <subfield code="h">A&#xF1;o 42, N&#xBA; 8 - ago. 1989</subfield>
    <subfield code="l">0</subfield>
    <subfield code="o">H008 COR a42.n8</subfield>
    <subfield code="p">R04085</subfield>
    <subfield code="r">2026-04-10 16:06:49</subfield>
    <subfield code="w">2026-04-10</subfield>
    <subfield code="y">RN</subfield>
  </datafield>
  <datafield tag="952" ind1=" " ind2=" ">
    <subfield code="0">0</subfield>
    <subfield code="1">0</subfield>
    <subfield code="4">0</subfield>
    <subfield code="7">0</subfield>
    <subfield code="a">BCEJYS</subfield>
    <subfield code="b">BCEJYS</subfield>
    <subfield code="c">17</subfield>
    <subfield code="d">1989-08-01</subfield>
    <subfield code="h">A&#xF1;o 42, N&#xBA; 8 - ago. 1989</subfield>
    <subfield code="l">0</subfield>
    <subfield code="o">H008 COR a42.n8 Ej.2</subfield>
    <subfield code="p">R04086</subfield>
    <subfield code="r">2026-04-10 16:06:49</subfield>
    <subfield code="w">2026-04-10</subfield>
    <subfield code="y">RN</subfield>
  </datafield>
  <datafield tag="952" ind1=" " ind2=" ">
    <subfield code="0">0</subfield>
    <subfield code="1">0</subfield>
    <subfield code="4">0</subfield>
    <subfield code="7">0</subfield>
    <subfield code="a">BCEJYS</subfield>
    <subfield code="b">BCEJYS</subfield>
    <subfield code="c">17</subfield>
    <subfield code="d">1989-07-01</subfield>
    <subfield code="h">A&#xF1;o 42, N&#xBA; 7 - jul. 1989</subfield>
    <subfield code="l">0</subfield>
    <subfield code="o">H008 COR a42.n7</subfield>
    <subfield code="p">R04084</subfield>
    <subfield code="r">2026-04-10 16:06:49</subfield>
    <subfield code="w">2026-04-10</subfield>
    <subfield code="y">RN</subfield>
  </datafield>
  <datafield tag="952" ind1=" " ind2=" ">
    <subfield code="0">0</subfield>
    <subfield code="1">0</subfield>
    <subfield code="4">0</subfield>
    <subfield code="7">0</subfield>
    <subfield code="a">BCEJYS</subfield>
    <subfield code="b">BCEJYS</subfield>
    <subfield code="c">17</subfield>
    <subfield code="d">1989-06-01</subfield>
    <subfield code="h">A&#xF1;o 42, N&#xBA; 6 - jun. 1989</subfield>
    <subfield code="l">0</subfield>
    <subfield code="o">H008 COR a42.n6</subfield>
    <subfield code="p">R04082</subfield>
    <subfield code="r">2026-04-10 16:06:49</subfield>
    <subfield code="w">2026-04-10</subfield>
    <subfield code="y">RN</subfield>
  </datafield>
  <datafield tag="952" ind1=" " ind2=" ">
    <subfield code="0">0</subfield>
    <subfield code="1">0</subfield>
    <subfield code="4">0</subfield>
    <subfield code="7">0</subfield>
    <subfield code="a">BCEJYS</subfield>
    <subfield code="b">BCEJYS</subfield>
    <subfield code="c">17</subfield>
    <subfield code="d">1989-06-01</subfield>
    <subfield code="h">A&#xF1;o 42, N&#xBA; 6 - jun. 1989</subfield>
    <subfield code="l">0</subfield>
    <subfield code="o">H008 COR a42.n6 Ej.2</subfield>
    <subfield code="p">R04083</subfield>
    <subfield code="r">2026-04-10 16:06:49</subfield>
    <subfield code="w">2026-04-10</subfield>
    <subfield code="y">RN</subfield>
  </datafield>
  <datafield tag="952" ind1=" " ind2=" ">
    <subfield code="0">0</subfield>
    <subfield code="1">0</subfield>
    <subfield code="4">0</subfield>
    <subfield code="7">0</subfield>
    <subfield code="a">BCEJYS</subfield>
    <subfield code="b">BCEJYS</subfield>
    <subfield code="c">17</subfield>
    <subfield code="d">1989-05-01</subfield>
    <subfield code="h">A&#xF1;o 42, N&#xBA; 5 - may. 1989</subfield>
    <subfield code="l">0</subfield>
    <subfield code="o">H008 COR a42.n5</subfield>
    <subfield code="p">R04081</subfield>
    <subfield code="r">2026-04-10 16:06:49</subfield>
    <subfield code="w">2026-04-10</subfield>
    <subfield code="y">RN</subfield>
  </datafield>
  <datafield tag="952" ind1=" " ind2=" ">
    <subfield code="0">0</subfield>
    <subfield code="1">0</subfield>
    <subfield code="4">0</subfield>
    <subfield code="7">0</subfield>
    <subfield code="a">BCEJYS</subfield>
    <subfield code="b">BCEJYS</subfield>
    <subfield code="c">17</subfield>
    <subfield code="d">1989-04-01</subfield>
    <subfield code="h">A&#xF1;o 42, N&#xBA; 4 - abr. 1989</subfield>
    <subfield code="l">0</subfield>
    <subfield code="o">H008 COR a42.n4</subfield>
    <subfield code="p">R04080</subfield>
    <subfield code="r">2026-04-10 16:06:49</subfield>
    <subfield code="w">2026-04-10</subfield>
    <subfield code="y">RN</subfield>
  </datafield>
  <datafield tag="952" ind1=" " ind2=" ">
    <subfield code="0">0</subfield>
    <subfield code="1">0</subfield>
    <subfield code="4">0</subfield>
    <subfield code="7">0</subfield>
    <subfield code="a">BCEJYS</subfield>
    <subfield code="b">BCEJYS</subfield>
    <subfield code="c">17</subfield>
    <subfield code="d">1989-03-01</subfield>
    <subfield code="h">A&#xF1;o 42, N&#xBA; 3 - mar. 1989</subfield>
    <subfield code="l">0</subfield>
    <subfield code="o">H008 COR a42.n3</subfield>
    <subfield code="p">R04079</subfield>
    <subfield code="r">2026-04-10 16:06:49</subfield>
    <subfield code="w">2026-04-10</subfield>
    <subfield code="y">RN</subfield>
  </datafield>
  <datafield tag="952" ind1=" " ind2=" ">
    <subfield code="0">0</subfield>
    <subfield code="1">0</subfield>
    <subfield code="4">0</subfield>
    <subfield code="7">0</subfield>
    <subfield code="a">BCEJYS</subfield>
    <subfield code="b">BCEJYS</subfield>
    <subfield code="c">17</subfield>
    <subfield code="d">1989-02-01</subfield>
    <subfield code="h">A&#xF1;o 42, N&#xBA; 2 - feb. 1989</subfield>
    <subfield code="l">0</subfield>
    <subfield code="o">H008 COR a42.n2</subfield>
    <subfield code="p">R04078</subfield>
    <subfield code="r">2026-04-10 16:06:49</subfield>
    <subfield code="w">2026-04-10</subfield>
    <subfield code="y">RN</subfield>
  </datafield>
  <datafield tag="952" ind1=" " ind2=" ">
    <subfield code="0">0</subfield>
    <subfield code="1">0</subfield>
    <subfield code="4">0</subfield>
    <subfield code="7">0</subfield>
    <subfield code="a">BCEJYS</subfield>
    <subfield code="b">BCEJYS</subfield>
    <subfield code="c">17</subfield>
    <subfield code="d">1989-01-01</subfield>
    <subfield code="h">A&#xF1;o 42, N&#xBA; 1 - ene. 1989</subfield>
    <subfield code="l">0</subfield>
    <subfield code="o">H008 COR a42.n1</subfield>
    <subfield code="p">R04077</subfield>
    <subfield code="r">2026-04-10 16:06:49</subfield>
    <subfield code="w">2026-04-10</subfield>
    <subfield code="y">RN</subfield>
  </datafield>
  <datafield tag="952" ind1=" " ind2=" ">
    <subfield code="0">0</subfield>
    <subfield code="1">0</subfield>
    <subfield code="4">0</subfield>
    <subfield code="7">0</subfield>
    <subfield code="a">BCEJYS</subfield>
    <subfield code="b">BCEJYS</subfield>
    <subfield code="c">17</subfield>
    <subfield code="d">1988-09-01</subfield>
    <subfield code="h">A&#xF1;o 41, N&#xBA; 9 - sep. 1988</subfield>
    <subfield code="l">0</subfield>
    <subfield code="o">H008 COR a41.n9</subfield>
    <subfield code="p">R04076</subfield>
    <subfield code="r">2026-04-10 16:06:49</subfield>
    <subfield code="w">2026-04-10</subfield>
    <subfield code="y">RN</subfield>
  </datafield>
  <datafield tag="952" ind1=" " ind2=" ">
    <subfield code="0">0</subfield>
    <subfield code="1">0</subfield>
    <subfield code="4">0</subfield>
    <subfield code="7">0</subfield>
    <subfield code="a">BCEJYS</subfield>
    <subfield code="b">BCEJYS</subfield>
    <subfield code="c">17</subfield>
    <subfield code="d">1988-05-01</subfield>
    <subfield code="h">A&#xF1;o 41, N&#xBA; 5 - may. 1988</subfield>
    <subfield code="l">0</subfield>
    <subfield code="o">H008 COR a41.n5</subfield>
    <subfield code="p">R04075</subfield>
    <subfield code="r">2026-04-10 16:06:49</subfield>
    <subfield code="w">2026-04-10</subfield>
    <subfield code="y">RN</subfield>
  </datafield>
  <datafield tag="952" ind1=" " ind2=" ">
    <subfield code="0">0</subfield>
    <subfield code="1">0</subfield>
    <subfield code="4">0</subfield>
    <subfield code="7">0</subfield>
    <subfield code="a">BCEJYS</subfield>
    <subfield code="b">BCEJYS</subfield>
    <subfield code="c">17</subfield>
    <subfield code="d">1987-12-01</subfield>
    <subfield code="h">A&#xF1;o 40, N&#xBA; 12 - dic. 1987</subfield>
    <subfield code="l">0</subfield>
    <subfield code="o">H008 COR a40.n12</subfield>
    <subfield code="p">R04074</subfield>
    <subfield code="r">2026-04-10 16:06:49</subfield>
    <subfield code="w">2026-04-10</subfield>
    <subfield code="y">RN</subfield>
  </datafield>
  <datafield tag="952" ind1=" " ind2=" ">
    <subfield code="0">0</subfield>
    <subfield code="1">0</subfield>
    <subfield code="4">0</subfield>
    <subfield code="7">0</subfield>
    <subfield code="a">BCEJYS</subfield>
    <subfield code="b">BCEJYS</subfield>
    <subfield code="c">17</subfield>
    <subfield code="d">1987-02-01</subfield>
    <subfield code="h">A&#xF1;o 40, N&#xBA; 2 - feb.1987</subfield>
    <subfield code="l">0</subfield>
    <subfield code="o">H008 COR a40.n2</subfield>
    <subfield code="p">R04073</subfield>
    <subfield code="r">2026-04-10 16:06:49</subfield>
    <subfield code="w">2026-04-10</subfield>
    <subfield code="y">RN</subfield>
  </datafield>
  <datafield tag="952" ind1=" " ind2=" ">
    <subfield code="0">0</subfield>
    <subfield code="1">0</subfield>
    <subfield code="4">0</subfield>
    <subfield code="7">0</subfield>
    <subfield code="a">BCEJYS</subfield>
    <subfield code="b">BCEJYS</subfield>
    <subfield code="c">17</subfield>
    <subfield code="d">1985-12-01</subfield>
    <subfield code="h">A&#xF1;o 38, N&#xBA; 12 - dic. 1985</subfield>
    <subfield code="l">0</subfield>
    <subfield code="o">H008 COR a38.n12</subfield>
    <subfield code="p">R04072</subfield>
    <subfield code="r">2026-04-10 16:06:49</subfield>
    <subfield code="w">2026-04-10</subfield>
    <subfield code="y">RN</subfield>
  </datafield>
  <datafield tag="952" ind1=" " ind2=" ">
    <subfield code="0">0</subfield>
    <subfield code="1">0</subfield>
    <subfield code="4">0</subfield>
    <subfield code="7">0</subfield>
    <subfield code="a">BCEJYS</subfield>
    <subfield code="b">BCEJYS</subfield>
    <subfield code="c">17</subfield>
    <subfield code="d">1985-11-01</subfield>
    <subfield code="h">A&#xF1;o 38, N&#xBA; 11 - nov. 1985</subfield>
    <subfield code="l">0</subfield>
    <subfield code="o">H008 COR a38.n11</subfield>
    <subfield code="p">R04071</subfield>
    <subfield code="r">2026-04-10 16:06:49</subfield>
    <subfield code="w">2026-04-10</subfield>
    <subfield code="y">RN</subfield>
  </datafield>
  <datafield tag="952" ind1=" " ind2=" ">
    <subfield code="0">0</subfield>
    <subfield code="1">0</subfield>
    <subfield code="4">0</subfield>
    <subfield code="7">0</subfield>
    <subfield code="a">BCEJYS</subfield>
    <subfield code="b">BCEJYS</subfield>
    <subfield code="c">17</subfield>
    <subfield code="d">1985-10-01</subfield>
    <subfield code="h">A&#xF1;o 38, N&#xBA; 10 - oct. 1985</subfield>
    <subfield code="l">0</subfield>
    <subfield code="o">H008 COR a38.n10</subfield>
    <subfield code="p">R04070</subfield>
    <subfield code="r">2026-04-10 16:06:49</subfield>
    <subfield code="w">2026-04-10</subfield>
    <subfield code="y">RN</subfield>
  </datafield>
  <datafield tag="952" ind1=" " ind2=" ">
    <subfield code="0">0</subfield>
    <subfield code="1">0</subfield>
    <subfield code="4">0</subfield>
    <subfield code="7">0</subfield>
    <subfield code="a">BCEJYS</subfield>
    <subfield code="b">BCEJYS</subfield>
    <subfield code="c">17</subfield>
    <subfield code="d">1985-09-01</subfield>
    <subfield code="h">A&#xF1;o 38, N&#xBA; 9 - sep. 1985</subfield>
    <subfield code="l">0</subfield>
    <subfield code="o">H008 COR a38.n9</subfield>
    <subfield code="p">R04069</subfield>
    <subfield code="r">2026-04-10 16:06:49</subfield>
    <subfield code="w">2026-04-10</subfield>
    <subfield code="y">RN</subfield>
  </datafield>
  <datafield tag="952" ind1=" " ind2=" ">
    <subfield code="0">0</subfield>
    <subfield code="1">0</subfield>
    <subfield code="4">0</subfield>
    <subfield code="7">0</subfield>
    <subfield code="a">BCEJYS</subfield>
    <subfield code="b">BCEJYS</subfield>
    <subfield code="c">17</subfield>
    <subfield code="d">1985-08-01</subfield>
    <subfield code="h">A&#xF1;o 38, N&#xBA; 8 - ago. 1985</subfield>
    <subfield code="l">0</subfield>
    <subfield code="o">H008 COR a38.n8</subfield>
    <subfield code="p">R04068</subfield>
    <subfield code="r">2026-04-10 16:06:49</subfield>
    <subfield code="w">2026-04-10</subfield>
    <subfield code="y">RN</subfield>
  </datafield>
  <datafield tag="952" ind1=" " ind2=" ">
    <subfield code="0">0</subfield>
    <subfield code="1">0</subfield>
    <subfield code="4">0</subfield>
    <subfield code="7">0</subfield>
    <subfield code="a">BCEJYS</subfield>
    <subfield code="b">BCEJYS</subfield>
    <subfield code="c">17</subfield>
    <subfield code="d">1985-07-01</subfield>
    <subfield code="h">A&#xF1;o 38, N&#xBA; 7 - jul. 1985</subfield>
    <subfield code="l">0</subfield>
    <subfield code="o">H008 COR a38.n7</subfield>
    <subfield code="p">R04067</subfield>
    <subfield code="r">2026-04-10 16:06:49</subfield>
    <subfield code="w">2026-04-10</subfield>
    <subfield code="y">RN</subfield>
  </datafield>
  <datafield tag="952" ind1=" " ind2=" ">
    <subfield code="0">0</subfield>
    <subfield code="1">0</subfield>
    <subfield code="4">0</subfield>
    <subfield code="7">0</subfield>
    <subfield code="a">BCEJYS</subfield>
    <subfield code="b">BCEJYS</subfield>
    <subfield code="c">17</subfield>
    <subfield code="d">1985-06-01</subfield>
    <subfield code="h">A&#xF1;o 38, N&#xBA; 6 - jun. 1985</subfield>
    <subfield code="l">0</subfield>
    <subfield code="o">H008 COR a38.n6</subfield>
    <subfield code="p">R04066</subfield>
    <subfield code="r">2026-04-10 16:06:49</subfield>
    <subfield code="w">2026-04-10</subfield>
    <subfield code="y">RN</subfield>
  </datafield>
  <datafield tag="952" ind1=" " ind2=" ">
    <subfield code="0">0</subfield>
    <subfield code="1">0</subfield>
    <subfield code="4">0</subfield>
    <subfield code="7">0</subfield>
    <subfield code="a">BCEJYS</subfield>
    <subfield code="b">BCEJYS</subfield>
    <subfield code="c">17</subfield>
    <subfield code="d">1985-05-01</subfield>
    <subfield code="h">A&#xF1;o 38, N&#xBA; 5 - may. 1985</subfield>
    <subfield code="l">0</subfield>
    <subfield code="o">H008 COR a38.n5</subfield>
    <subfield code="p">R04065</subfield>
    <subfield code="r">2026-04-10 16:06:49</subfield>
    <subfield code="w">2026-04-10</subfield>
    <subfield code="y">RN</subfield>
  </datafield>
  <datafield tag="952" ind1=" " ind2=" ">
    <subfield code="0">0</subfield>
    <subfield code="1">0</subfield>
    <subfield code="4">0</subfield>
    <subfield code="7">0</subfield>
    <subfield code="a">BCEJYS</subfield>
    <subfield code="b">BCEJYS</subfield>
    <subfield code="c">17</subfield>
    <subfield code="d">1985-04-01</subfield>
    <subfield code="h">A&#xF1;o 38, N&#xBA; 4 - abr. 1985</subfield>
    <subfield code="l">0</subfield>
    <subfield code="o">H008 COR a38.n4</subfield>
    <subfield code="p">R04064</subfield>
    <subfield code="r">2026-04-10 16:06:49</subfield>
    <subfield code="w">2026-04-10</subfield>
    <subfield code="y">RN</subfield>
  </datafield>
  <datafield tag="952" ind1=" " ind2=" ">
    <subfield code="0">0</subfield>
    <subfield code="1">0</subfield>
    <subfield code="4">0</subfield>
    <subfield code="7">0</subfield>
    <subfield code="a">BCEJYS</subfield>
    <subfield code="b">BCEJYS</subfield>
    <subfield code="c">17</subfield>
    <subfield code="d">1985-03-01</subfield>
    <subfield code="h">A&#xF1;o 38, N&#xBA; 3 - mar. 1985</subfield>
    <subfield code="l">0</subfield>
    <subfield code="o">H008 COR a38.n3</subfield>
    <subfield code="p">R04063</subfield>
    <subfield code="r">2026-04-10 16:06:49</subfield>
    <subfield code="w">2026-04-10</subfield>
    <subfield code="y">RN</subfield>
  </datafield>
  <datafield tag="952" ind1=" " ind2=" ">
    <subfield code="0">0</subfield>
    <subfield code="1">0</subfield>
    <subfield code="4">0</subfield>
    <subfield code="7">0</subfield>
    <subfield code="a">BCEJYS</subfield>
    <subfield code="b">BCEJYS</subfield>
    <subfield code="c">17</subfield>
    <subfield code="d">1985-02-01</subfield>
    <subfield code="h">A&#xF1;o 38, N&#xBA; 2 - feb. 1985</subfield>
    <subfield code="l">0</subfield>
    <subfield code="o">H008 COR a38.n2</subfield>
    <subfield code="p">R04062</subfield>
    <subfield code="r">2026-04-10 16:06:49</subfield>
    <subfield code="w">2026-04-10</subfield>
    <subfield code="y">RN</subfield>
  </datafield>
  <datafield tag="952" ind1=" " ind2=" ">
    <subfield code="0">0</subfield>
    <subfield code="1">0</subfield>
    <subfield code="4">0</subfield>
    <subfield code="7">0</subfield>
    <subfield code="a">BCEJYS</subfield>
    <subfield code="b">BCEJYS</subfield>
    <subfield code="c">17</subfield>
    <subfield code="d">1985-01-01</subfield>
    <subfield code="h">A&#xF1;o 38, N&#xBA; 1 - ene. 1985</subfield>
    <subfield code="l">0</subfield>
    <subfield code="o">H008 COR a38.n1</subfield>
    <subfield code="p">R04061</subfield>
    <subfield code="r">2026-04-10 16:06:49</subfield>
    <subfield code="w">2026-04-10</subfield>
    <subfield code="y">RN</subfield>
  </datafield>
  <datafield tag="952" ind1=" " ind2=" ">
    <subfield code="0">0</subfield>
    <subfield code="1">0</subfield>
    <subfield code="4">0</subfield>
    <subfield code="7">0</subfield>
    <subfield code="a">BCEJYS</subfield>
    <subfield code="b">BCEJYS</subfield>
    <subfield code="c">17</subfield>
    <subfield code="d">1984-12-01</subfield>
    <subfield code="h">A&#xF1;o 37, N&#xBA; 12 - dic. 1984</subfield>
    <subfield code="l">0</subfield>
    <subfield code="o">H008 COR a37.n12</subfield>
    <subfield code="p">R04060</subfield>
    <subfield code="r">2026-04-10 16:06:49</subfield>
    <subfield code="w">2026-04-10</subfield>
    <subfield code="y">RN</subfield>
  </datafield>
  <datafield tag="952" ind1=" " ind2=" ">
    <subfield code="0">0</subfield>
    <subfield code="1">0</subfield>
    <subfield code="4">0</subfield>
    <subfield code="7">0</subfield>
    <subfield code="a">BCEJYS</subfield>
    <subfield code="b">BCEJYS</subfield>
    <subfield code="c">17</subfield>
    <subfield code="d">1984-11-01</subfield>
    <subfield code="h">A&#xF1;o 37, N&#xBA; 11 - nov. 1984</subfield>
    <subfield code="l">0</subfield>
    <subfield code="o">H008 COR a37.n11</subfield>
    <subfield code="p">R04059</subfield>
    <subfield code="r">2026-04-10 16:06:49</subfield>
    <subfield code="w">2026-04-10</subfield>
    <subfield code="y">RN</subfield>
  </datafield>
  <datafield tag="952" ind1=" " ind2=" ">
    <subfield code="0">0</subfield>
    <subfield code="1">0</subfield>
    <subfield code="4">0</subfield>
    <subfield code="7">0</subfield>
    <subfield code="a">BCEJYS</subfield>
    <subfield code="b">BCEJYS</subfield>
    <subfield code="c">17</subfield>
    <subfield code="d">1984-10-01</subfield>
    <subfield code="h">A&#xF1;o 37, N&#xBA; 10 - oct. 1984</subfield>
    <subfield code="l">0</subfield>
    <subfield code="o">H008 COR a37.n10</subfield>
    <subfield code="p">R04058</subfield>
    <subfield code="r">2026-04-10 16:06:49</subfield>
    <subfield code="w">2026-04-10</subfield>
    <subfield code="y">RN</subfield>
  </datafield>
  <datafield tag="952" ind1=" " ind2=" ">
    <subfield code="0">0</subfield>
    <subfield code="1">0</subfield>
    <subfield code="4">0</subfield>
    <subfield code="7">0</subfield>
    <subfield code="a">BCEJYS</subfield>
    <subfield code="b">BCEJYS</subfield>
    <subfield code="c">17</subfield>
    <subfield code="d">1984-09-01</subfield>
    <subfield code="h">A&#xF1;o 37, N&#xBA; 9 - sep. 1984</subfield>
    <subfield code="l">0</subfield>
    <subfield code="o">H008 COR a37.n9</subfield>
    <subfield code="p">R04057</subfield>
    <subfield code="r">2026-04-10 16:06:50</subfield>
    <subfield code="w">2026-04-10</subfield>
    <subfield code="y">RN</subfield>
  </datafield>
  <datafield tag="952" ind1=" " ind2=" ">
    <subfield code="0">0</subfield>
    <subfield code="1">0</subfield>
    <subfield code="4">0</subfield>
    <subfield code="7">0</subfield>
    <subfield code="a">BCEJYS</subfield>
    <subfield code="b">BCEJYS</subfield>
    <subfield code="c">17</subfield>
    <subfield code="d">1984-08-01</subfield>
    <subfield code="h">A&#xF1;o 37, N&#xBA; 8 - ago. 1984</subfield>
    <subfield code="l">0</subfield>
    <subfield code="o">H008 COR a37.n8</subfield>
    <subfield code="p">R04056</subfield>
    <subfield code="r">2026-04-10 16:06:50</subfield>
    <subfield code="w">2026-04-10</subfield>
    <subfield code="y">RN</subfield>
  </datafield>
  <datafield tag="952" ind1=" " ind2=" ">
    <subfield code="0">0</subfield>
    <subfield code="1">0</subfield>
    <subfield code="4">0</subfield>
    <subfield code="7">0</subfield>
    <subfield code="a">BCEJYS</subfield>
    <subfield code="b">BCEJYS</subfield>
    <subfield code="c">17</subfield>
    <subfield code="d">1984-07-01</subfield>
    <subfield code="h">A&#xF1;o 37, N&#xBA; 7 - jul. 1984</subfield>
    <subfield code="l">0</subfield>
    <subfield code="o">H008 COR a37.n7</subfield>
    <subfield code="p">R04055</subfield>
    <subfield code="r">2026-04-10 16:06:50</subfield>
    <subfield code="w">2026-04-10</subfield>
    <subfield code="y">RN</subfield>
  </datafield>
  <datafield tag="952" ind1=" " ind2=" ">
    <subfield code="0">0</subfield>
    <subfield code="1">0</subfield>
    <subfield code="4">0</subfield>
    <subfield code="7">0</subfield>
    <subfield code="a">BCEJYS</subfield>
    <subfield code="b">BCEJYS</subfield>
    <subfield code="c">17</subfield>
    <subfield code="d">1984-06-01</subfield>
    <subfield code="h">A&#xF1;o 37, N&#xBA; 6 - jun. 1984</subfield>
    <subfield code="l">0</subfield>
    <subfield code="o">H008 COR a37.n6</subfield>
    <subfield code="p">R04054</subfield>
    <subfield code="r">2026-04-10 16:06:50</subfield>
    <subfield code="w">2026-04-10</subfield>
    <subfield code="y">RN</subfield>
  </datafield>
  <datafield tag="952" ind1=" " ind2=" ">
    <subfield code="0">0</subfield>
    <subfield code="1">0</subfield>
    <subfield code="4">0</subfield>
    <subfield code="7">0</subfield>
    <subfield code="a">BCEJYS</subfield>
    <subfield code="b">BCEJYS</subfield>
    <subfield code="c">17</subfield>
    <subfield code="d">1984-05-01</subfield>
    <subfield code="h">A&#xF1;o 37, N&#xBA; 5 - may. 1985</subfield>
    <subfield code="l">0</subfield>
    <subfield code="o">H008 COR a37.n5</subfield>
    <subfield code="p">R04053</subfield>
    <subfield code="r">2026-04-10 16:06:50</subfield>
    <subfield code="w">2026-04-10</subfield>
    <subfield code="y">RN</subfield>
  </datafield>
  <datafield tag="952" ind1=" " ind2=" ">
    <subfield code="0">0</subfield>
    <subfield code="1">0</subfield>
    <subfield code="4">0</subfield>
    <subfield code="7">0</subfield>
    <subfield code="a">BCEJYS</subfield>
    <subfield code="b">BCEJYS</subfield>
    <subfield code="c">17</subfield>
    <subfield code="d">1984-04-01</subfield>
    <subfield code="h">A&#xF1;o 37, N&#xBA; 4 - abr. 1984</subfield>
    <subfield code="l">0</subfield>
    <subfield code="o">H008 COR a37.n4</subfield>
    <subfield code="p">R04052</subfield>
    <subfield code="r">2026-04-10 16:06:50</subfield>
    <subfield code="w">2026-04-10</subfield>
    <subfield code="y">RN</subfield>
  </datafield>
  <datafield tag="952" ind1=" " ind2=" ">
    <subfield code="0">0</subfield>
    <subfield code="1">0</subfield>
    <subfield code="4">0</subfield>
    <subfield code="7">0</subfield>
    <subfield code="a">BCEJYS</subfield>
    <subfield code="b">BCEJYS</subfield>
    <subfield code="c">17</subfield>
    <subfield code="d">1984-03-01</subfield>
    <subfield code="h">A&#xF1;o 37, N&#xBA; 3 - mar. 1984</subfield>
    <subfield code="l">0</subfield>
    <subfield code="o">H008 COR a37.n3</subfield>
    <subfield code="p">R04051</subfield>
    <subfield code="r">2026-04-10 16:06:50</subfield>
    <subfield code="w">2026-04-10</subfield>
    <subfield code="y">RN</subfield>
  </datafield>
  <datafield tag="952" ind1=" " ind2=" ">
    <subfield code="0">0</subfield>
    <subfield code="1">0</subfield>
    <subfield code="4">0</subfield>
    <subfield code="7">0</subfield>
    <subfield code="a">BCEJYS</subfield>
    <subfield code="b">BCEJYS</subfield>
    <subfield code="c">17</subfield>
    <subfield code="d">1984-02-01</subfield>
    <subfield code="h">A&#xF1;o 37, N&#xBA; 2 - feb. 1984</subfield>
    <subfield code="l">0</subfield>
    <subfield code="o">H008 COR a37.n2</subfield>
    <subfield code="p">R04050</subfield>
    <subfield code="r">2026-04-10 16:06:50</subfield>
    <subfield code="w">2026-04-10</subfield>
    <subfield code="y">RN</subfield>
  </datafield>
  <datafield tag="952" ind1=" " ind2=" ">
    <subfield code="0">0</subfield>
    <subfield code="1">0</subfield>
    <subfield code="4">0</subfield>
    <subfield code="7">0</subfield>
    <subfield code="a">BCEJYS</subfield>
    <subfield code="b">BCEJYS</subfield>
    <subfield code="c">17</subfield>
    <subfield code="d">1984-01-01</subfield>
    <subfield code="h">A&#xF1;o 37, N&#xBA; 1 - ene. 1984</subfield>
    <subfield code="l">0</subfield>
    <subfield code="o">H008 COR a37.n1</subfield>
    <subfield code="p">R04049</subfield>
    <subfield code="r">2026-04-10 16:06:50</subfield>
    <subfield code="w">2026-04-10</subfield>
    <subfield code="y">RN</subfield>
  </datafield>
  <datafield tag="952" ind1=" " ind2=" ">
    <subfield code="0">0</subfield>
    <subfield code="1">0</subfield>
    <subfield code="4">0</subfield>
    <subfield code="7">0</subfield>
    <subfield code="a">BCEJYS</subfield>
    <subfield code="b">BCEJYS</subfield>
    <subfield code="c">17</subfield>
    <subfield code="d">1983-12-01</subfield>
    <subfield code="h">A&#xF1;o 36, N&#xBA;12 - dic. 1983</subfield>
    <subfield code="l">0</subfield>
    <subfield code="o">H008 COR a36.n12</subfield>
    <subfield code="p">R04048</subfield>
    <subfield code="r">2026-04-10 16:06:50</subfield>
    <subfield code="w">2026-04-10</subfield>
    <subfield code="y">RN</subfield>
  </datafield>
  <datafield tag="952" ind1=" " ind2=" ">
    <subfield code="0">0</subfield>
    <subfield code="1">0</subfield>
    <subfield code="4">0</subfield>
    <subfield code="7">0</subfield>
    <subfield code="a">BCEJYS</subfield>
    <subfield code="b">BCEJYS</subfield>
    <subfield code="c">17</subfield>
    <subfield code="d">1983-11-01</subfield>
    <subfield code="h">A&#xF1;o 36, N&#xBA;11 - nov. 1983</subfield>
    <subfield code="l">0</subfield>
    <subfield code="o">H008 COR a36.n11</subfield>
    <subfield code="p">R04047</subfield>
    <subfield code="r">2026-04-10 16:06:50</subfield>
    <subfield code="w">2026-04-10</subfield>
    <subfield code="y">RN</subfield>
  </datafield>
  <datafield tag="952" ind1=" " ind2=" ">
    <subfield code="0">0</subfield>
    <subfield code="1">0</subfield>
    <subfield code="4">0</subfield>
    <subfield code="7">0</subfield>
    <subfield code="a">BCEJYS</subfield>
    <subfield code="b">BCEJYS</subfield>
    <subfield code="c">17</subfield>
    <subfield code="d">1983-10-01</subfield>
    <subfield code="h">A&#xF1;o 36, N&#xBA;10 - oct. 1983</subfield>
    <subfield code="l">0</subfield>
    <subfield code="o">H008 COR a36.n10</subfield>
    <subfield code="p">R04046</subfield>
    <subfield code="r">2026-04-10 16:06:50</subfield>
    <subfield code="w">2026-04-10</subfield>
    <subfield code="y">RN</subfield>
  </datafield>
  <datafield tag="952" ind1=" " ind2=" ">
    <subfield code="0">0</subfield>
    <subfield code="1">0</subfield>
    <subfield code="4">0</subfield>
    <subfield code="7">0</subfield>
    <subfield code="a">BCEJYS</subfield>
    <subfield code="b">BCEJYS</subfield>
    <subfield code="c">17</subfield>
    <subfield code="d">1983-09-01</subfield>
    <subfield code="h">A&#xF1;o 36, N&#xBA; 9 - set. 1983</subfield>
    <subfield code="l">0</subfield>
    <subfield code="o">H008 COR a36.n9</subfield>
    <subfield code="p">R04045</subfield>
    <subfield code="r">2026-04-10 16:06:50</subfield>
    <subfield code="w">2026-04-10</subfield>
    <subfield code="y">RN</subfield>
  </datafield>
  <datafield tag="952" ind1=" " ind2=" ">
    <subfield code="0">0</subfield>
    <subfield code="1">0</subfield>
    <subfield code="4">0</subfield>
    <subfield code="7">0</subfield>
    <subfield code="a">BCEJYS</subfield>
    <subfield code="b">BCEJYS</subfield>
    <subfield code="c">17</subfield>
    <subfield code="d">1983-08-01</subfield>
    <subfield code="h">A&#xF1;o 36, N&#xBA; 8 - ago. 1983</subfield>
    <subfield code="l">0</subfield>
    <subfield code="o">H008 COR a36.n8</subfield>
    <subfield code="p">R04044</subfield>
    <subfield code="r">2026-04-10 16:06:50</subfield>
    <subfield code="w">2026-04-10</subfield>
    <subfield code="y">RN</subfield>
  </datafield>
  <datafield tag="952" ind1=" " ind2=" ">
    <subfield code="0">0</subfield>
    <subfield code="1">0</subfield>
    <subfield code="4">0</subfield>
    <subfield code="7">0</subfield>
    <subfield code="a">BCEJYS</subfield>
    <subfield code="b">BCEJYS</subfield>
    <subfield code="c">17</subfield>
    <subfield code="d">1983-07-01</subfield>
    <subfield code="h">A&#xF1;o 36, N&#xBA; 7 - jul. 1983</subfield>
    <subfield code="l">0</subfield>
    <subfield code="o">H008 COR a36.n7</subfield>
    <subfield code="p">R04043</subfield>
    <subfield code="r">2026-04-10 16:06:50</subfield>
    <subfield code="w">2026-04-10</subfield>
    <subfield code="y">RN</subfield>
  </datafield>
  <datafield tag="952" ind1=" " ind2=" ">
    <subfield code="0">0</subfield>
    <subfield code="1">0</subfield>
    <subfield code="4">0</subfield>
    <subfield code="7">0</subfield>
    <subfield code="a">BCEJYS</subfield>
    <subfield code="b">BCEJYS</subfield>
    <subfield code="c">17</subfield>
    <subfield code="d">1983-06-01</subfield>
    <subfield code="h">A&#xF1;o 36, N&#xBA; 6 - jun. 1983</subfield>
    <subfield code="l">0</subfield>
    <subfield code="o">H008 COR a36.n6</subfield>
    <subfield code="p">R04042</subfield>
    <subfield code="r">2026-04-10 16:06:50</subfield>
    <subfield code="w">2026-04-10</subfield>
    <subfield code="y">RN</subfield>
  </datafield>
  <datafield tag="952" ind1=" " ind2=" ">
    <subfield code="0">0</subfield>
    <subfield code="1">0</subfield>
    <subfield code="4">0</subfield>
    <subfield code="7">0</subfield>
    <subfield code="a">BCEJYS</subfield>
    <subfield code="b">BCEJYS</subfield>
    <subfield code="c">17</subfield>
    <subfield code="d">1983-05-01</subfield>
    <subfield code="h">A&#xF1;o 36, N&#xBA; 5 - may. 1983</subfield>
    <subfield code="l">0</subfield>
    <subfield code="o">H008 COR a36.n5</subfield>
    <subfield code="p">R04041</subfield>
    <subfield code="r">2026-04-10 16:06:50</subfield>
    <subfield code="w">2026-04-10</subfield>
    <subfield code="y">RN</subfield>
  </datafield>
  <datafield tag="952" ind1=" " ind2=" ">
    <subfield code="0">0</subfield>
    <subfield code="1">0</subfield>
    <subfield code="4">0</subfield>
    <subfield code="7">0</subfield>
    <subfield code="a">BCEJYS</subfield>
    <subfield code="b">BCEJYS</subfield>
    <subfield code="c">17</subfield>
    <subfield code="d">1983-04-01</subfield>
    <subfield code="h">A&#xF1;o 36, N&#xBA; 4 - abr. 1983</subfield>
    <subfield code="l">0</subfield>
    <subfield code="o">H008 COR a36.n4</subfield>
    <subfield code="p">R04040</subfield>
    <subfield code="r">2026-04-10 16:06:50</subfield>
    <subfield code="w">2026-04-10</subfield>
    <subfield code="y">RN</subfield>
  </datafield>
  <datafield tag="952" ind1=" " ind2=" ">
    <subfield code="0">0</subfield>
    <subfield code="1">0</subfield>
    <subfield code="4">0</subfield>
    <subfield code="7">0</subfield>
    <subfield code="a">BCEJYS</subfield>
    <subfield code="b">BCEJYS</subfield>
    <subfield code="c">17</subfield>
    <subfield code="d">1983-03-01</subfield>
    <subfield code="h">A&#xF1;o 36, N&#xBA; 3 - mar. 1983</subfield>
    <subfield code="l">0</subfield>
    <subfield code="o">H008 COR a36.n3</subfield>
    <subfield code="p">R04039</subfield>
    <subfield code="r">2026-04-10 16:06:50</subfield>
    <subfield code="w">2026-04-10</subfield>
    <subfield code="y">RN</subfield>
  </datafield>
  <datafield tag="952" ind1=" " ind2=" ">
    <subfield code="0">0</subfield>
    <subfield code="1">0</subfield>
    <subfield code="4">0</subfield>
    <subfield code="7">0</subfield>
    <subfield code="a">BCEJYS</subfield>
    <subfield code="b">BCEJYS</subfield>
    <subfield code="c">17</subfield>
    <subfield code="d">1983-02-01</subfield>
    <subfield code="h">A&#xF1;o 36, N&#xBA; 2 - feb. 1983</subfield>
    <subfield code="l">0</subfield>
    <subfield code="o">H008 COR a36.n2</subfield>
    <subfield code="p">R04038</subfield>
    <subfield code="r">2026-04-10 16:06:50</subfield>
    <subfield code="w">2026-04-10</subfield>
    <subfield code="y">RN</subfield>
  </datafield>
  <datafield tag="952" ind1=" " ind2=" ">
    <subfield code="0">0</subfield>
    <subfield code="1">0</subfield>
    <subfield code="4">0</subfield>
    <subfield code="7">0</subfield>
    <subfield code="a">BCEJYS</subfield>
    <subfield code="b">BCEJYS</subfield>
    <subfield code="c">17</subfield>
    <subfield code="d">1983-01-01</subfield>
    <subfield code="h">A&#xF1;o 36, N&#xBA; 1 - ene. 1983</subfield>
    <subfield code="l">0</subfield>
    <subfield code="o">H008 COR a36.n1</subfield>
    <subfield code="p">R04037</subfield>
    <subfield code="r">2026-04-10 16:06:50</subfield>
    <subfield code="w">2026-04-10</subfield>
    <subfield code="y">RN</subfield>
  </datafield>
  <datafield tag="952" ind1=" " ind2=" ">
    <subfield code="0">0</subfield>
    <subfield code="1">0</subfield>
    <subfield code="4">0</subfield>
    <subfield code="7">0</subfield>
    <subfield code="a">BCEJYS</subfield>
    <subfield code="b">BCEJYS</subfield>
    <subfield code="c">17</subfield>
    <subfield code="d">1982-11-01</subfield>
    <subfield code="h">A&#xF1;o 35, N&#xBA; 11 - nov. 1982</subfield>
    <subfield code="l">0</subfield>
    <subfield code="o">H008 COR a35.n11</subfield>
    <subfield code="p">R04036</subfield>
    <subfield code="r">2026-04-10 16:06:50</subfield>
    <subfield code="w">2026-04-10</subfield>
    <subfield code="y">RN</subfield>
  </datafield>
  <datafield tag="952" ind1=" " ind2=" ">
    <subfield code="0">0</subfield>
    <subfield code="1">0</subfield>
    <subfield code="4">0</subfield>
    <subfield code="7">0</subfield>
    <subfield code="a">BCEJYS</subfield>
    <subfield code="b">BCEJYS</subfield>
    <subfield code="c">17</subfield>
    <subfield code="d">1982-10-01</subfield>
    <subfield code="h">A&#xF1;o 35, N&#xBA; 10 - oct. 1982</subfield>
    <subfield code="l">0</subfield>
    <subfield code="o">H008 COR a35.n10</subfield>
    <subfield code="p">R04035</subfield>
    <subfield code="r">2026-04-10 16:06:50</subfield>
    <subfield code="w">2026-04-10</subfield>
    <subfield code="y">RN</subfield>
  </datafield>
  <datafield tag="952" ind1=" " ind2=" ">
    <subfield code="0">0</subfield>
    <subfield code="1">0</subfield>
    <subfield code="4">0</subfield>
    <subfield code="7">0</subfield>
    <subfield code="a">BCEJYS</subfield>
    <subfield code="b">BCEJYS</subfield>
    <subfield code="c">17</subfield>
    <subfield code="d">1982-09-01</subfield>
    <subfield code="h">A&#xF1;o 35, N&#xBA; 8/9 - set. 1982</subfield>
    <subfield code="l">0</subfield>
    <subfield code="o">H008 COR a35.n8/9</subfield>
    <subfield code="p">R04034</subfield>
    <subfield code="r">2026-04-10 16:06:50</subfield>
    <subfield code="w">2026-04-10</subfield>
    <subfield code="y">RN</subfield>
  </datafield>
  <datafield tag="952" ind1=" " ind2=" ">
    <subfield code="0">0</subfield>
    <subfield code="1">0</subfield>
    <subfield code="4">0</subfield>
    <subfield code="7">0</subfield>
    <subfield code="a">BCEJYS</subfield>
    <subfield code="b">BCEJYS</subfield>
    <subfield code="c">17</subfield>
    <subfield code="d">1982-07-01</subfield>
    <subfield code="h">A&#xF1;o 35, N&#xBA; 7 - jul. 1982</subfield>
    <subfield code="l">0</subfield>
    <subfield code="o">H008 COR a35.n7</subfield>
    <subfield code="p">R04033</subfield>
    <subfield code="r">2026-04-10 16:06:50</subfield>
    <subfield code="w">2026-04-10</subfield>
    <subfield code="y">RN</subfield>
  </datafield>
  <datafield tag="952" ind1=" " ind2=" ">
    <subfield code="0">0</subfield>
    <subfield code="1">0</subfield>
    <subfield code="4">0</subfield>
    <subfield code="7">0</subfield>
    <subfield code="a">BCEJYS</subfield>
    <subfield code="b">BCEJYS</subfield>
    <subfield code="c">17</subfield>
    <subfield code="d">1982-06-01</subfield>
    <subfield code="h">A&#xF1;o 35, N&#xBA; 6 - jun. 1982</subfield>
    <subfield code="l">0</subfield>
    <subfield code="o">H008 COR a35.n6</subfield>
    <subfield code="p">R04032</subfield>
    <subfield code="r">2026-04-10 16:06:50</subfield>
    <subfield code="w">2026-04-10</subfield>
    <subfield code="y">RN</subfield>
  </datafield>
  <datafield tag="952" ind1=" " ind2=" ">
    <subfield code="0">0</subfield>
    <subfield code="1">0</subfield>
    <subfield code="4">0</subfield>
    <subfield code="7">0</subfield>
    <subfield code="a">BCEJYS</subfield>
    <subfield code="b">BCEJYS</subfield>
    <subfield code="c">17</subfield>
    <subfield code="d">1982-04-01</subfield>
    <subfield code="h">A&#xF1;o 35, N&#xBA; 4 - abr. 1982</subfield>
    <subfield code="l">0</subfield>
    <subfield code="o">H008 COR a35.n4</subfield>
    <subfield code="p">R04031</subfield>
    <subfield code="r">2026-04-10 16:06:50</subfield>
    <subfield code="w">2026-04-10</subfield>
    <subfield code="y">RN</subfield>
  </datafield>
  <datafield tag="952" ind1=" " ind2=" ">
    <subfield code="0">0</subfield>
    <subfield code="1">0</subfield>
    <subfield code="4">0</subfield>
    <subfield code="7">0</subfield>
    <subfield code="a">BCEJYS</subfield>
    <subfield code="b">BCEJYS</subfield>
    <subfield code="c">17</subfield>
    <subfield code="d">1982-03-01</subfield>
    <subfield code="h">A&#xF1;o 35, N&#xBA; 3 - mar. 1982</subfield>
    <subfield code="l">0</subfield>
    <subfield code="o">H008 COR a35.n3</subfield>
    <subfield code="p">R04030</subfield>
    <subfield code="r">2026-04-10 16:06:50</subfield>
    <subfield code="w">2026-04-10</subfield>
    <subfield code="y">RN</subfield>
  </datafield>
  <datafield tag="952" ind1=" " ind2=" ">
    <subfield code="0">0</subfield>
    <subfield code="1">0</subfield>
    <subfield code="4">0</subfield>
    <subfield code="7">0</subfield>
    <subfield code="a">BCEJYS</subfield>
    <subfield code="b">BCEJYS</subfield>
    <subfield code="c">17</subfield>
    <subfield code="d">1982-02-01</subfield>
    <subfield code="h">A&#xF1;o 35, N&#xBA; 2 - feb. 1982</subfield>
    <subfield code="l">0</subfield>
    <subfield code="o">H008 COR a35.n2</subfield>
    <subfield code="p">R04029</subfield>
    <subfield code="r">2026-04-10 16:06:50</subfield>
    <subfield code="w">2026-04-10</subfield>
    <subfield code="y">RN</subfield>
  </datafield>
  <datafield tag="952" ind1=" " ind2=" ">
    <subfield code="0">0</subfield>
    <subfield code="1">0</subfield>
    <subfield code="4">0</subfield>
    <subfield code="7">0</subfield>
    <subfield code="a">BCEJYS</subfield>
    <subfield code="b">BCEJYS</subfield>
    <subfield code="c">17</subfield>
    <subfield code="d">1982-01-01</subfield>
    <subfield code="h">A&#xF1;o 35, N&#xBA; 1 - ene. 1982</subfield>
    <subfield code="l">0</subfield>
    <subfield code="o">H008 COR a35.n1</subfield>
    <subfield code="p">R04028</subfield>
    <subfield code="r">2026-04-10 16:06:50</subfield>
    <subfield code="w">2026-04-10</subfield>
    <subfield code="y">RN</subfield>
  </datafield>
</record>
